L'Economia de la Segarra : especialització agrícola i desenvolupament ramader / Romà Pujadas i Rubies, Sebastià Solé i Roig ; amb la col·laboració d'Isabel Pujadas ... [et al.] especialització agrícola i desenvolupament ramader / Romà Pujadas i Rubies, Sebastià Solé i Roig ; amb la col·laboració d'Isabel Pujadas ... [et al.]
Descripción Física:
XIV, 213 p. : amb map. ; 24 cm
Colección:
Col·lecció Catalunya comarcal
Materias:
Segarra -- Condicions econòmiques
MARC
| LEADER | 00000nam a2200000Ia 4500 | ||
|---|---|---|---|
| 001 | 2133 | ||
| 008 | 160829s1980 xx 000 0 cat d | ||
| 080 | |a M-2-17 | ||
| 100 | |a Pujadas i Rúbies, Romà |9 26240 | ||
| 245 | |a L'Economia de la Segarra : |b especialització agrícola i desenvolupament ramader / Romà Pujadas i Rubies, Sebastià Solé i Roig ; amb la col·laboració d'Isabel Pujadas ... [et al.] | ||
| 260 | |a Barcelona : |b Caixa d'Estalvis de Catalunya, |c 1980 | ||
| 300 | |a XIV, 213 p. : |b amb map. ; |c 24 cm | ||
| 490 | |a Col·lecció Catalunya comarcal | ||
| 650 | |a Segarra |x Condicions econòmiques |9 36904 | ||
| 700 | |a Solé i Roig, Sebastià |9 36905 | ||
| 700 | 1 | |a Pujadas, Isabel, |d 1949- |9 29209 | |
| 700 | |a Caixa Catalunya | ||
| 901 | |a Arxiu | ||
| 942 | |n 1 | ||
| 952 | |0 0 |1 0 |4 0 |6 M217 |7 1 |9 47561 |a Arxiu |b Arxiu |d 2016-12-01 |l 0 |o M-2-17 |p 2133 |r 2016-12-01 00:00:00 |w 2016-12-01 |y ARXIU | ||
| 999 | |c 51360 |d 51360 | ||